[Event "Lloydminster BATB op 4th"]
[Site "Lloydminster"]
[Date "2010.09.05"]
[Round "3"]
[White "Nakamura, Hikaru"]
[Black "Teplitsky, Yan"]
[Result "1-0"]
[WhiteElo "2733"]
[BlackElo "2448"]
[PlyCount "67"]
[EventDate "2010.09.04"]
[EventType "swiss"]
[EventRounds "6"]
[EventCountry "CAN"]
[SourceTitle "CBM 138 Extra"]
[Source "ChessBase"]
[SourceDate "2010.10.29"]
[SourceVersion "1"]
[SourceVersionDate "2010.10.29"]
[SourceQuality "1"]

1. d4 Nf6 2. c4 e6 3. Nc3 Bb4 4. Qc2 c5 5. dxc5 Na6 6. a3 Bxc3+ 7. Qxc3 Nxc5 8. b4 Nce4 9. Qb2 d5 10. c5 d4 11. e3 e5 12. Nf3 Nc3 13. Bc4 b5 14. cxb6 Bb7 15. Nxe5 Bxg2 16. Rg1 Bd5 17. exd4 Nfe4 18. Be3 f6 19. Bxd5 Qxd5 20. f3 fxe5 21. fxe4 Nxe4 22. Rxg7 axb6 23. Qc2 exd4 24. 0-0-0 Qe6 25. Rxd4 Rc8 26. Rc7 Rxc7 27. Qxc7 0-0 28. Qc4 Re8 29. Qxe6+ Rxe6 30. Rd8+ Kf7 31. Rd7+ Kg6 32. Rb7 b5 33. Rxb5 Nc3 34. Rb6 1-0

[Event "Lloydminster BATB op 4th"]
[Site "Lloydminster"]
[Date "2010.09.05"]
[Round "5"]
[White "Teplitsky, Yan"]
[Black "Rekhson, Vladislav"]
[Result "1-0"]
[WhiteElo "2448"]
[BlackElo "2061"]
[PlyCount "95"]
[EventDate "2010.09.04"]
[EventType "swiss"]
[EventRounds "6"]
[EventCountry "CAN"]
[SourceTitle "CBM 138 Extra"]
[Source "ChessBase"]
[SourceDate "2010.10.29"]
[SourceVersion "1"]
[SourceVersionDate "2010.10.29"]
[SourceQuality "1"]

1. Nf3 d5 2. c4 e6 3. g3 dxc4 4. Qa4+ Bd7 5. Qxc4 Bc6 6. Bg2 Nf6 7. 0-0 Nbd7 8. d4 Nb6 9. Qc2 Be7 10. Nc3 Nbd5 11. Ne5 Nb4 12. Bxc6+ Nxc6 13. Nxc6 bxc6 14. Rd1 0-0 15. Bg5 Nd5 16. Bxe7 Nxe7 17. Rac1 Qd6 18. b3 Rfd8 19. Ne4 Qd5 20. Nc5 Qf5 21. Qxf5 Nxf5 22. e3 Ne7 23. Na6 Rd7 24. Rc5 Kf8 25. Rdc1 Ke8 26. Nb4 Rb8 27. Nxc6 Nxc6 28. Rxc6 Kd8 29. Ra6 Rb7 30. Rc5 Rd6 31. Rca5 Rxa6 32. Rxa6 Kc8 33. Kf1 Kb8 34. Ra5 Rb6 35. Ke2 Kb7 36. Kd3 Rc6 37. Rc5 Rd6 38. Rg5 g6 39. Rb5+ Kc6 40. Rc5+ Kb7 41. g4 f6 42. f4 Rd8 43. h3 Rd7 44. Ke4 Rd8 45. g5 f5+ 46. Ke5 Rf8 47. Rc3 Re8 48. Kf6 1-0

[Event "BCF-chT2 0708 (4NCL)"]
[Site "Sunningdale"]
[Date "2007.09.16"]
[Round "2"]
[White "Teplitsky, Yan"]
[Black "Savage, Ben D"]
[Result "1/2-1/2"]
[WhiteElo "2451"]
[BlackElo "2335"]
[PlyCount "37"]
[EventDate "2007.09.15"]
[EventType "team-tourn"]
[EventRounds "11"]
[EventCountry "ENG"]
[SourceTitle "CBM 120 Extra"]
[Source "ChessBase"]
[SourceDate "2007.11.01"]
[SourceVersion "1"]
[SourceVersionDate "2007.11.01"]
[SourceQuality "1"]
[WhiteTeam "White Rose"]
[BlackTeam "Oxford"]
[WhiteTeamCountry "ENG"]
[BlackTeamCountry "ENG"]

1. c4 e6 2. Nc3 d5 3. d4 dxc4 4. e4 c5 5. Nf3 cxd4 6. Nxd4 e5 7. Nf3 Qxd1+ 8. Nxd1 Nf6 9. Bxc4 Nxe4 10. Nxe5 Bb4+ 11. Ke2 0-0 12. Kf3 Nd6 13. Bd5 Nd7 14. Nxd7 Bxd7 15. a3 Bc5 16. Be3 Rac8 17. Rc1 Bxe3 18. Nxe3 b6 19. Rhd1 1/2-1/2

[Event "Olympiad-36"]
[Site "Mallorca"]
[Date "2004.10.29"]
[Round "14"]
[White "Teplitsky, Yan"]
[Black "Nguyen, Van Huy"]
[Result "1-0"]
[WhiteElo "2435"]
[BlackElo "2325"]
[PlyCount "55"]
[EventDate "2004.10.15"]
[EventType "team-swiss"]
[EventRounds "14"]
[EventCountry "ESP"]
[SourceTitle "CBM 104"]
[Source "ChessBase"]
[SourceDate "2005.01.27"]
[SourceVersion "1"]
[SourceVersionDate "2005.01.27"]
[SourceQuality "1"]
[WhiteTeam "Canada"]
[BlackTeam "Vietnam"]
[WhiteTeamCountry "CAN"]
[BlackTeamCountry "VIE"]

1. Nf3 Nf6 2. c4 g6 3. Nc3 Bg7 4. e4 d6 5. d4 0-0 6. Be2 e5 7. d5 a5 8. h4 Na6 9. Nd2 h5 10. Nf1 c6 11. f3 Bd7 12. Be3 Qb8 13. g4 Nc7 14. Ng3 b5 15. dxc6 Bxc6 16. gxh5 bxc4 17. hxg6 d5 18. Nf5 Qxb2 19. Ne7+ Kh8 20. Nxc6 Qxc3+ 21. Bd2 Qa3 22. h5 dxe4 23. Qc1 Qxc1+ 24. Rxc1 exf3 25. h6 fxe2 26. hxg7+ Kxg7 27. Bh6+ Kxg6 28. Ne7+ 1-0

[Event "Keres Memorial 28th"]
[Site "Vancouver"]
[Date "2003.05.17"]
[Round "2"]
[White "Teplitsky, Yan"]
[Black "Fullbrook, Nigel"]
[Result "1-0"]
[WhiteElo "2474"]
[BlackElo "2236"]
[PlyCount "52"]
[EventDate "2003.05.16"]
[EventType "swiss"]
[EventRounds "7"]
[EventCountry "CAN"]
[SourceTitle "CBM 094 Extra"]
[Source "ChessBase"]
[SourceDate "2003.07.09"]
[SourceVersion "2"]
[SourceVersionDate "2003.07.09"]
[SourceQuality "1"]

1. c4 e5 2. Nc3 f5 3. g3 Nf6 4. Bg2 g6 5. d4 exd4 6. Qxd4 Bg7 7. Qe3+ Qe7 8. Qxe7+ Kxe7 9. Bg5 c6 10. 0-0-0 d6 11. e4 h6 12. Bxf6+ Bxf6 13. Nge2 Rd8 14. Rhe1 Kf7 15. Nd4 Na6 16. exf5 gxf5 17. Bh3 Bxd4 18. Rxd4 Nc7 19. Rf4 Kg6 20. Re7 Ne8 21. Ne2 Ng7 22. g4 Re8 23. Rxe8 Nxe8 24. gxf5+ Kf6 25. Rh4 Bxf5 26. Rf4 Ng7 1-0

[Event "Olympiad-35"]
[Site "Bled"]
[Date "2002.11.07"]
[Round "12.2"]
[White "Socko, Bartosz"]
[Black "Teplitsky, Yan"]
[Result "0-1"]
[WhiteElo "2569"]
[BlackElo "2455"]
[PlyCount "90"]
[EventDate "2002.10.26"]
[EventType "team-swiss"]
[EventRounds "14"]
[EventCountry "SLO"]
[SourceTitle "EXT 2003"]
[Source "ChessBase"]
[SourceDate "2002.11.25"]
[SourceVersion "1"]
[SourceVersionDate "2002.11.25"]
[SourceQuality "1"]
[WhiteTeam "Poland"]
[BlackTeam "Canada"]
[WhiteTeamCountry "POL"]
[BlackTeamCountry "CAN"]

1. e4 g6 2. d4 Bg7 3. Nc3 c6 4. f4 d5 5. e5 Qb6 6. Be2 Nh6 7. Na4 Qc7 8. Be3 Nd7 9. g4 b5 10. Nc3 Nb6 11. b3 b4 12. Nb1 f6 13. a3 fxe5 14. fxe5 c5 15. Bb5+ Bd7 16. Bxd7+ Nxd7 17. e6 Nf8 18. axb4 Nxe6 19. bxc5 0-0 20. Nc3 Nf4 21. Qd2 Nxg4 22. Bxf4 Rxf4 23. Nge2 Rf5 24. Ng3 Rf3 25. Nxd5 Qd7 26. c4 Raf8 27. c6 Qd6 28. Ne4 Qe6 29. Qe2 Ne3 30. Nxe3 Qxe4 31. Nc2 Qxc6 32. Rg1 Rxb3 33. Rd1 Rc3 34. c5 Qa4 35. Rg2 Rcf3 36. Rd3 Qa5+ 37. Qd2 Rf1+ 38. Ke2 Qb5 39. Qb4 Qd7 40. Ne3 Qh3 41. Qb7 R1f3 42. Qe4 Bh6 43. Rg4 Bxe3 44. Qe6+ R8f7 45. Rxe3 Rxe3+ 0-1

[Event "Olympiad-35"]
[Site "Bled"]
[Date "2002.11.04"]
[Round "9.4"]
[White "Teplitsky, Yan"]
[Black "Chuah, Jin Jonathan Hai"]
[Result "1-0"]
[WhiteElo "2455"]
[BlackElo "2199"]
[PlyCount "133"]
[EventDate "2002.10.26"]
[EventType "team-swiss"]
[EventRounds "14"]
[EventCountry "SLO"]
[SourceTitle "EXT 2003"]
[Source "ChessBase"]
[SourceDate "2002.11.25"]
[SourceVersion "1"]
[SourceVersionDate "2002.11.25"]
[SourceQuality "1"]
[WhiteTeam "Canada"]
[BlackTeam "Malaysia"]
[WhiteTeamCountry "CAN"]
[BlackTeamCountry "MAS"]

1. d4 Nf6 2. c4 e6 3. Nc3 d5 4. cxd5 exd5 5. Bg5 Be7 6. e3 c6 7. Bd3 Ne4 8. Bxe7 Qxe7 9. Bxe4 dxe4 10. Qc2 Bf5 11. Nge2 Nd7 12. Ng3 Bg6 13. h4 h6 14. Nce2 Qb4+ 15. Qc3 Qxc3+ 16. Nxc3 Nf6 17. h5 Bh7 18. Rh4 0-0-0 19. Ngxe4 Nxe4 20. Nxe4 Rhe8 21. Nc3 Rd6 22. Rf4 f6 23. 0-0-0 b6 24. b3 Re7 25. Kb2 Kb7 26. Rh4 a6 27. b4 Red7 28. a3 Ka7 29. Rhh1 Rd8 30. Ne2 R6d7 31. Rc1 Kb7 32. Nf4 Re7 33. Rc3 Rd6 34. Rhc1 Be4 35. a4 Red7 36. a5 Re7 37. axb6 Kxb6 38. Ra1 Bf5 39. Ra5 Bd7 40. Rca3 Bc8 41. Kc3 Rd8 42. Kd3 Rd6 43. Ne2 f5 44. Nf4 Rd8 45. Kc3 Rd6 46. g3 Rd8 47. Rc5 Rf7 48. Re5 Rd6 49. Re8 Rc7 50. Ra5 Kb7 51. Rae5 Kb6 52. Nd3 g6 53. Nb2 Rf6 54. Nc4+ Kb7 55. hxg6 Rxg6 56. Rd8 Be6 57. Nd6+ Ka7 58. Nxf5 Rf7 59. Nh4 Rgf6 60. Rd6 Bg4 61. Rxf6 Rxf6 62. f4 Kb6 63. e4 Rf7 64. f5 h5 65. Re6 Rg7 66. Ng6 Rg8 67. Rxc6+ 1-0

[Event "Olympiad-35"]
[Site "Bled"]
[Date "2002.10.26"]
[Round "1.2"]
[White "Teplitsky, Yan"]
[Black "Kantinti, Shaddrack"]
[Result "1-0"]
[WhiteElo "2455"]
[BlackElo "2200"]
[PlyCount "97"]
[EventDate "2002.10.26"]
[EventType "team-swiss"]
[EventRounds "14"]
[EventCountry "SLO"]
[SourceTitle "EXT 2003"]
[Source "ChessBase"]
[SourceDate "2002.11.25"]
[SourceVersion "1"]
[SourceVersionDate "2002.11.25"]
[SourceQuality "1"]
[WhiteTeam "Canada"]
[BlackTeam "Uganda"]
[WhiteTeamCountry "CAN"]
[BlackTeamCountry "UGA"]

1. Nf3 Nf6 2. c4 g6 3. Nc3 c5 4. d4 cxd4 5. Nxd4 Bg7 6. e4 d6 7. Be2 Nc6 8. Be3 Bd7 9. 0-0 0-0 10. Qd2 Re8 11. f3 Qa5 12. Nb3 Qh5 13. Rfd1 Rad8 14. Nd5 Bc8 15. Rac1 b6 16. a4 Bd7 17. Nf4 Qe5 18. Nd3 Qh5 19. g4 Bxg4 20. fxg4 Nxg4 21. Bxg4 Qxg4+ 22. Qg2 Qc8 23. Nd2 Qa6 24. b3 Qa5 25. Nf3 Qa6 26. Rf1 Ne5 27. Rcd1 Nxf3+ 28. Rxf3 Qb7 29. Qg4 e6 30. Rdf1 f5 31. exf5 exf5 32. Qg2 d5 33. Bg5 Rd7 34. cxd5 Qxd5 35. Kh1 Rc7 36. b4 Rec8 37. Re3 Qd4 38. Rfe1 Rf8 39. Nf4 Qxb4 40. Nd5 Qc5 41. Nxc7 Qxc7 42. Qd5+ Kh8 43. Re8 h6 44. Rxf8+ Bxf8 45. Bf6+ Kh7 46. Rd1 h5 47. Qd7+ Qxd7 48. Rxd7+ Kh6 49. h4 1-0

[Event "Toronto op"]
[Site "Toronto"]
[Date "2002.03.30"]
[Round "3"]
[White "Teplitsky, Yan"]
[Black "Urquhart, Eddie"]
[Result "1-0"]
[WhiteElo "2522"]
[BlackElo "2252"]
[PlyCount "49"]
[EventDate "2002.03.29"]
[EventType "swiss"]
[EventRounds "6"]
[EventCountry "CAN"]
[SourceTitle "EXT 2022"]
[Source "ChessBase"]
[SourceDate "2021.10.06"]
[SourceVersion "1"]
[SourceVersionDate "2021.10.06"]
[SourceQuality "1"]

1. Nf3 c6 2. c4 d5 3. e3 Nf6 4. Nc3 e6 5. d4 Nbd7 6. Qc2 Be7 7. Be2 b6 8. 0-0 Bb7 9. Rd1 Qc7 10. cxd5 cxd5 11. Bd2 0-0 12. Rac1 Rac8 13. Qa4 Qb8 14. Ba6 Bxa6 15. Qxa6 Ne4 16. Nb5 Ndf6 17. Nxa7 Rxc1 18. Rxc1 Nxd2 19. Nxd2 Bd6 20. g3 Bb4 21. Nb3 Qa8 22. Qxb6 Rb8 23. Qxb8+ Qxb8 24. Rc8+ Qxc8 25. Nxc8 1-0

[Event "Toronto Valentine's Day op"]
[Site "Toronto"]
[Date "2002.02.17"]
[Round "4"]
[White "Urquhart, Eddie"]
[Black "Teplitsky, Yan"]
[Result "0-1"]
[WhiteElo "2230"]
[BlackElo "2526"]
[PlyCount "78"]
[EventDate "2002.02.15"]
[EventType "swiss"]
[EventRounds "5"]
[EventCountry "CAN"]
[SourceTitle "EXT 2022"]
[Source "ChessBase"]
[SourceDate "2021.10.06"]
[SourceVersion "1"]
[SourceVersionDate "2021.10.06"]
[SourceQuality "1"]

1. e4 c5 2. Nc3 Nc6 3. f4 e6 4. Nf3 Nge7 5. d3 d5 6. g3 g6 7. Bg2 Bg7 8. 0-0 b6 9. h3 dxe4 10. Nxe4 Bb7 11. Qe2 0-0 12. g4 Rc8 13. c3 Ba6 14. Rd1 Rc7 15. Bf1 Rd7 16. Ne1 Nd5 17. Qf2 f5 18. Ng5 Qf6 19. c4 Nde7 20. Ngf3 fxg4 21. hxg4 Bxc4 22. Bd2 Bd5 23. Rab1 Bxa2 24. Ra1 Bb3 25. Rdc1 e5 26. Bh3 Qd6 27. Qh2 exf4 28. Bc3 Nd4 29. Ng5 f3 30. Qxd6 f2+ 31. Kh2 Rxd6 32. Ng2 Bh6 33. Ne4 Bxc1 34. Rxc1 f1Q 35. Rxf1 Rxf1 36. Nxd6 Nd5 37. g5 Nxc3 38. bxc3 Nf5 39. Ne4 Kg7 0-1

[Event "Elbow Beach Club GM-B"]
[Site "Paget Parish"]
[Date "2001.01.29"]
[Round "10"]
[White "Charbonneau, Pascal"]
[Black "Teplitsky, Yan"]
[Result "1/2-1/2"]
[WhiteElo "2410"]
[BlackElo "2446"]
[PlyCount "106"]
[EventDate "2001.01.19"]
[EventType "tourn"]
[EventRounds "11"]
[EventCountry "BER"]
[EventCategory "9"]
[SourceTitle "CBM 081"]
[Source "ChessBase"]
[SourceDate "2001.03.20"]
[SourceVersion "1"]
[SourceVersionDate "2001.03.20"]
[SourceQuality "1"]

1. e4 c5 2. c3 d5 3. exd5 Qxd5 4. d4 Nf6 5. Be3 cxd4 6. cxd4 Bg4 7. Ne2 e6 8. h3 Bxe2 9. Bxe2 Nc6 10. 0-0 Be7 11. Nc3 Qd7 12. Bf3 Nb4 13. Qb3 0-0 14. Rac1 h6 15. Na4 Nbd5 16. Nc5 Bxc5 17. dxc5 Nxe3 18. fxe3 Rab8 19. Rfd1 Qc7 20. Qc4 Rfd8 21. b4 Qe5 22. Qb3 Ne4 23. Qc2 Ng5 24. Bxb7 Qxe3+ 25. Kh1 Qg3 26. c6 Qc7 27. Rd2 Rxd2 28. Qxd2 Ne4 29. Qe1 Ng3+ 30. Kg1 Rxb7 31. cxb7 Ne2+ 32. Qxe2 Qxc1+ 33. Qf1 Qc7 34. Qb5 Qc1+ 35. Kf2 Qd2+ 36. Kf3 Qc3+ 37. Ke2 Qc2+ 38. Ke3 Qc3+ 39. Qd3 Qc7 40. Qe4 Kf8 41. Qd4 Ke8 42. Qxa7 Qg3+ 43. Kd2 Qxg2+ 44. Kc1 Qf1+ 45. Kb2 Qe2+ 46. Ka3 Qd3+ 47. Ka4 Qc2+ 48. Kb5 Qd3+ 49. Kc6 Qd5+ 50. Kb6 Qd4+ 51. Ka6 Qd3+ 52. b5 Qa3+ 53. Kb6 Qd6+ 1/2-1/2

[Event "Toronto Thanksgiving op"]
[Site "Toronto"]
[Date "2000.10.08"]
[Round "3"]
[White "Teplitsky, Yan"]
[Black "Miletic, Damir"]
[Result "1-0"]
[WhiteElo "2546"]
[BlackElo "2203"]
[PlyCount "82"]
[EventDate "2000.10.07"]
[EventType "swiss"]
[EventRounds "6"]
[EventCountry "CAN"]
[SourceTitle "EXT 2022"]
[Source "ChessBase"]
[SourceDate "2021.10.06"]
[SourceVersion "1"]
[SourceVersionDate "2021.10.06"]
[SourceQuality "1"]

1. Nf3 Nf6 2. c4 c5 3. Nc3 Nc6 4. d4 cxd4 5. Nxd4 g6 6. e4 Bg7 7. Be3 d6 8. Be2 Bd7 9. Qd2 Ng4 10. Bxg4 Bxg4 11. f3 Bd7 12. Nd5 Ne5 13. b3 Bc6 14. 0-0 0-0 15. Rad1 Re8 16. Rfe1 Qd7 17. h3 Qc8 18. Bf2 Nd7 19. Bh4 Bf8 20. f4 e5 21. Nb5 Bxd5 22. Qxd5 exf4 23. Nxd6 Bxd6 24. Qxd6 Qc5+ 25. Qxc5 Nxc5 26. e5 h6 27. Bf6 Rac8 28. Rd5 g5 29. h4 gxh4 30. Bxh4 Rc7 31. Bf2 Rec8 32. Red1 Kg7 33. Bxc5 Rxc5 34. Rxc5 Rxc5 35. Rd7 Rxe5 36. Rxb7 Ra5 37. a4 Kf6 38. Kf2 Ke5 39. Rb5+ Rxb5 40. axb5 Ke4 41. c5 Kd5 1-0

[Event "Toronto Thanksgiving op"]
[Site "Toronto"]
[Date "2000.10.07"]
[Round "2"]
[White "Ferguson, Jim"]
[Black "Teplitsky, Yan"]
[Result "1/2-1/2"]
[WhiteElo "2207"]
[BlackElo "2546"]
[PlyCount "27"]
[EventDate "2000.10.07"]
[EventType "swiss"]
[EventRounds "6"]
[EventCountry "CAN"]
[SourceTitle "EXT 2022"]
[Source "ChessBase"]
[SourceDate "2021.10.06"]
[SourceVersion "1"]
[SourceVersionDate "2021.10.06"]
[SourceQuality "1"]

1. e4 c5 2. Nf3 d6 3. d4 Nf6 4. Nc3 cxd4 5. Nxd4 Nc6 6. Bg5 e6 7. Qd2 a6 8. 0-0-0 h6 9. Bf4 Bd7 10. Nxc6 Bxc6 11. f3 d5 12. exd5 Nxd5 13. Nxd5 Qxd5 14. Qxd5 1/2-1/2

[Event "Toronto Thanksgiving op"]
[Site "Toronto"]
[Date "2000.10.07"]
[Round "1"]
[White "Teplitsky, Yan"]
[Black "Chatzilias, Alexis"]
[Result "1-0"]
[WhiteElo "2546"]
[BlackElo "2227"]
[PlyCount "73"]
[EventDate "2000.10.07"]
[EventType "swiss"]
[EventRounds "6"]
[EventCountry "CAN"]
[SourceTitle "EXT 2022"]
[Source "ChessBase"]
[SourceDate "2021.10.06"]
[SourceVersion "1"]
[SourceVersionDate "2021.10.06"]
[SourceQuality "1"]

1. Nf3 c5 2. c4 Nf6 3. Nc3 Nc6 4. g3 g6 5. Bg2 Bg7 6. d4 cxd4 7. Nxd4 0-0 8. 0-0 Ng4 9. e3 d6 10. b3 Nxd4 11. exd4 Nh6 12. Bb2 Nf5 13. Nd5 e6 14. Ne3 Nxe3 15. fxe3 Rb8 16. Qe2 b6 17. Ba3 Bb7 18. Rac1 Bxg2 19. Qxg2 Qc7 20. g4 Rbc8 21. Rc2 Rfd8 22. Rcf2 Rd7 23. g5 Qd8 24. h4 a6 25. Bb4 Bf8 26. d5 e5 27. a4 Rb8 28. Qg4 Qe8 29. e4 Rbb7 30. Rf6 Rb8 31. h5 Rbd8 32. hxg6 hxg6 33. Kg2 Bg7 34. Qh4 Qe7 35. Rh1 Re8 36. Qh7+ Kf8 37. Rhf1 1-0

[Event "Keres Memorial 24th"]
[Site "Vancouver"]
[Date "1999.05.24"]
[Round "7"]
[White "Berry, Jonathan"]
[Black "Teplitsky, Yan"]
[Result "0-1"]
[WhiteElo "2315"]
[BlackElo "2453"]
[PlyCount "40"]
[EventDate "1999.05.21"]
[EventType "swiss"]
[EventRounds "7"]
[EventCountry "CAN"]
[SourceTitle "EXT 2000"]
[Source "ChessBase"]
[SourceDate "1999.11.16"]
[SourceVersion "1"]
[SourceVersionDate "1999.11.16"]
[SourceQuality "1"]

1. d4 Nf6 2. Nf3 d5 3. c4 dxc4 4. e3 e6 5. Bxc4 a6 6. 0-0 c5 7. Qe2 b5 8. Bb3 Bb7 9. a4 b4 10. Rd1 Nbd7 11. e4 cxd4 12. e5 Nd5 13. a5 Nc5 14. Nxd4 Nxb3 15. Nxb3 Be7 16. Qg4 g5 17. Be3 Qc7 18. Rc1 Nxe3 19. Rxc7 Nxg4 20. Rxb7 0-0-0 0-1

[Event "Keres Memorial 24th"]
[Site "Vancouver"]
[Date "1999.05.22"]
[Round "3"]
[White "Pupols, Viktors"]
[Black "Teplitsky, Yan"]
[Result "0-1"]
[WhiteElo "2254"]
[BlackElo "2453"]
[PlyCount "94"]
[EventDate "1999.05.21"]
[EventType "swiss"]
[EventRounds "7"]
[EventCountry "CAN"]
[SourceTitle "EXT 2000"]
[Source "ChessBase"]
[SourceDate "1999.11.16"]
[SourceVersion "1"]
[SourceVersionDate "1999.11.16"]
[SourceQuality "1"]

1. e4 c5 2. d3 Nc6 3. g3 g6 4. Bg2 Bg7 5. f4 d6 6. Nf3 e5 7. Nc3 Nge7 8. 0-0 0-0 9. Be3 Nd4 10. Qd2 Bg4 11. Rae1 Rc8 12. Nd1 Qd7 13. c4 b5 14. Nc3 b4 15. Ne2 Nxe2+ 16. Rxe2 exf4 17. gxf4 Nc6 18. Ref2 Kh8 19. Kh1 Rce8 20. e5 f6 21. d4 Bxf3 22. Rxf3 cxd4 23. exf6 Bxf6 24. Bf2 Re7 25. Rd3 Qc7 26. Qd1 Qb6 27. Qf3 Rc8 28. Rfd1 Kg7 29. Qg4 Rce8 30. Qf3 Rc7 31. Kg1 Qa6 32. b3 Qxa2 33. Qh3 Re2 34. Rf1 Ne7 35. Bf3 Rd2 36. Be4 Rxd3 37. Qxd3 Qb2 38. Rd1 Nc6 39. Bxc6 Rxc6 40. Qe4 Qxb3 41. Rxd4 Rc7 42. Qe6 Qb1+ 43. Kg2 Re7 44. Qxd6 b3 45. c5 b2 46. Rb4 Qc2 47. Qb8 a5 0-1

[Event "Mermaid Beach Club"]
[Site "Bermuda"]
[Date "1999.02.03"]
[Round "12"]
[White "Forster, Richard"]
[Black "Teplitsky, Yan"]
[Result "1-0"]
[WhiteElo "2468"]
[BlackElo "2453"]
[PlyCount "75"]
[EventDate "1999.01.21"]
[EventType "tourn"]
[EventRounds "13"]
[EventCountry "BER"]
[EventCategory "9"]
[SourceTitle "EXT 2000"]
[Source "ChessBase"]
[SourceDate "1999.11.16"]
[SourceVersion "1"]
[SourceVersionDate "1999.11.16"]
[SourceQuality "1"]

1. Nf3 Nf6 2. g3 d5 3. Bg2 Bf5 4. 0-0 e6 5. d3 c6 6. Nbd2 h6 7. Qe1 Be7 8. e4 Bh7 9. Qe2 0-0 10. Ne5 Na6 11. Kh1 Qa5 12. f4 Rad8 13. g4 Qc7 14. a3 Ne8 15. b3 Nc5 16. Qe3 f6 17. Nef3 dxe4 18. Nxe4 Bxe4 19. dxe4 f5 20. gxf5 exf5 21. exf5 Nf6 22. Ne5 Nd5 23. Qg3 Bf6 24. Bb2 Ne7 25. Qc3 Nd7 26. Rae1 Nb6 27. Be4 Rfe8 28. Qg3 Ned5 29. Bd3 Ne7 30. Rg1 Ned5 31. Qg6 Bh4 32. f6 Nxf6 33. Ng4 Rxe1 34. Nxf6+ Bxf6 35. Qh7+ Kf7 36. Bg6+ Kf8 37. Rxe1 Qf7 38. Bxf7 1-0

[Event "Mermaid Beach Club"]
[Site "Bermuda"]
[Date "1999.01.28"]
[Round "8"]
[White "Ashley, Maurice"]
[Black "Teplitsky, Yan"]
[Result "1-0"]
[WhiteElo "2473"]
[BlackElo "2453"]
[PlyCount "82"]
[EventDate "1999.01.21"]
[EventType "tourn"]
[EventRounds "13"]
[EventCountry "BER"]
[EventCategory "9"]
[SourceTitle "CBM 069"]
[Source "ChessBase"]
[SourceDate "1999.04.01"]
[SourceVersion "1"]
[SourceVersionDate "1999.04.01"]
[SourceQuality "1"]

1. e4 c5 2. Nf3 e6 3. d4 cxd4 4. Nxd4 a6 5. Nc3 d6 6. Be3 Nf6 7. f3 b5 8. Qd2 h5 9. 0-0-0 Nbd7 10. Bd3 Bb7 11. Rhe1 Be7 12. Kb1 Rc8 13. h3 h4 14. Bf2 Ne5 15. f4 Nc4 16. Bxc4 Rxc4 17. Qd3 Qc8 18. e5 dxe5 19. fxe5 Rxc3 20. bxc3 Nd5 21. Ne2 Qc7 22. Bd4 0-0 23. g3 Rc8 24. gxh4 b4 25. c4 Qxc4 26. Qxc4 Rxc4 27. h5 Bg5 28. Rg1 Bh6 29. Rg4 Ne7 30. Rd3 Nf5 31. Ng3 Nxd4 32. Rdxd4 Rc5 33. Rd8+ Kh7 34. Rxb4 Bg5 35. Rf8 Rc7 36. Ne4 Be7 37. Rxf7 a5 38. Rd4 Kh6 39. Nd6 Bg2 40. Rg4 Bxd6 41. Rxc7 Bxh3 1-0

[Event "Mermaid Beach Club"]
[Site "Bermuda"]
[Date "1999.01.27"]
[Round "7"]
[White "Teplitsky, Yan"]
[Black "Gretarsson, Helgi Ass"]
[Result "1/2-1/2"]
[WhiteElo "2453"]
[BlackElo "2459"]
[PlyCount "98"]
[EventDate "1999.01.21"]
[EventType "tourn"]
[EventRounds "13"]
[EventCountry "BER"]
[EventCategory "9"]
[SourceTitle "CBM 069"]
[Source "ChessBase"]
[SourceDate "1999.04.01"]
[SourceVersion "1"]
[SourceVersionDate "1999.04.01"]
[SourceQuality "1"]

1. c4 e5 2. Nc3 Nf6 3. Nf3 Nc6 4. g3 d5 5. cxd5 Nxd5 6. Bg2 Nb6 7. 0-0 Be7 8. a4 a5 9. d3 Be6 10. Be3 Nd5 11. Nxd5 Bxd5 12. Rc1 0-0 13. Nd2 Bxg2 14. Kxg2 Nd4 15. Bxd4 exd4 16. Nf3 Bb4 17. Qc2 c5 18. e3 dxe3 19. fxe3 Qd7 20. e4 b5 21. axb5 Qxb5 22. Ne5 a4 23. Ra1 a3 24. bxa3 Rxa3 25. Rxa3 Bxa3 26. Rf2 Bb4 27. Qb3 Qe8 28. Qd5 Qe7 29. Rf3 g6 30. Nc6 Qe6 31. Qxe6 fxe6 32. Rxf8+ Kxf8 33. Ne5 Ke7 34. Kf3 Bc3 35. Nc4 Kf6 36. Kf4 g5+ 37. Kf3 h5 38. h3 Bd4 39. g4 hxg4+ 40. hxg4 Bc3 41. Ke2 Bd4 42. Kd1 Ke7 43. Kc2 Kd7 44. Kb3 Kc6 45. Ka4 Bc3 46. Na3 Bb4 47. Nc4 Bc3 48. Kb3 Bd4 49. Na3 Kd6 1/2-1/2

[Event "Mermaid Beach Club"]
[Site "Bermuda"]
[Date "1999.01.24"]
[Round "4"]
[White "Teplitsky, Yan"]
[Black "Bacrot, Etienne"]
[Result "0-1"]
[WhiteElo "2453"]
[BlackElo "2561"]
[PlyCount "94"]
[EventDate "1999.01.21"]
[EventType "tourn"]
[EventRounds "13"]
[EventCountry "BER"]
[EventCategory "9"]
[SourceTitle "CBM 069"]
[Source "ChessBase"]
[SourceDate "1999.04.01"]
[SourceVersion "1"]
[SourceVersionDate "1999.04.01"]
[SourceQuality "1"]

1. d4 Nf6 2. c4 g6 3. Nc3 Bg7 4. e4 d6 5. Be2 0-0 6. Nf3 e5 7. 0-0 Nc6 8. d5 Ne7 9. Ne1 Ne8 10. Be3 f5 11. f3 f4 12. Bf2 g5 13. c5 Rf7 14. cxd6 cxd6 15. a4 Ng6 16. a5 Nf6 17. Kh1 Bf8 18. Nb5 g4 19. Nxa7 Bd7 20. Bb6 Qe8 21. Qb3 g3 22. Nb5 Rc8 23. Na7 Rb8 24. Nb5 Qe7 25. Nc7 Nh5 26. Ne6 gxh2 27. Bf2 Bxe6 28. dxe6 Rg7 29. Bb5 Kh8 30. Bd7 Qd8 31. Qb6 Qxb6 32. axb6 Ng3+ 33. Bxg3 fxg3 34. Nd3 Be7 35. Rfc1 h5 36. Nb4 h4 37. Bb5 Nf4 38. Nd5 Nxe6 39. Bd7 Nc5 40. Bb5 Nb3 41. Nxe7 Rxe7 42. Rc7 Rxc7 43. bxc7 Rc8 44. Rd1 Rxc7 45. f4 exf4 46. e5 dxe5 47. Bc6 Nd4 0-1

[Event "Mermaid Beach Club"]
[Site "Bermuda"]
[Date "1999.01.23"]
[Round "3"]
[White "Thorhallsson, Throstur"]
[Black "Teplitsky, Yan"]
[Result "1/2-1/2"]
[WhiteElo "2499"]
[BlackElo "2453"]
[PlyCount "46"]
[EventDate "1999.01.21"]
[EventType "tourn"]
[EventRounds "13"]
[EventCountry "BER"]
[EventCategory "9"]
[SourceTitle "CBM 069"]
[Source "ChessBase"]
[SourceDate "1999.04.01"]
[SourceVersion "1"]
[SourceVersionDate "1999.04.01"]
[SourceQuality "1"]

1. e4 c5 2. Nf3 d6 3. d4 Nf6 4. Nc3 cxd4 5. Nxd4 Nc6 6. Bc4 Qb6 7. Nxc6 bxc6 8. 0-0 e6 9. Qe2 Be7 10. e5 dxe5 11. Qxe5 Ba6 12. Be3 Qb7 13. Bxa6 Qxa6 14. Qg3 0-0 15. Bd4 Rfd8 16. Rad1 Ne8 17. Rfe1 Bf6 18. Bxf6 Nxf6 19. b3 Qa5 20. h3 h6 21. a4 Qf5 22. Rxd8+ Rxd8 23. Re2 Qc5 1/2-1/2